Statistics for Most Searched Countries On Google

Click here to take the quiz!

General Stats

  • This quiz has been taken 43 times
  • The average score is 22 of 25

Answer Stats

Country% Correct
China
100%
Japan
100%
Russia
100%
United Kingdom
100%
Australia
97%
Canada
97%
Italy
97%
United States
97%
Brazil
94%
France
94%
Germany
94%
Mexico
94%
Spain
94%
India
92%
South Korea
92%
Egypt
89%
Argentina
86%
Iran
83%
Poland
83%
Turkey
83%
Saudi Arabia
78%
North Korea
75%
Switzerland
72%
Israel
67%
Pakistan
67%

Score Distribution

Percentile by Number Answered

Percent of People with Each Score

Your Score History

You have not taken this quiz